000
00286nam a22001337a 4500
008
170904b xxu||||| |||| 00| 0 eng d
020
_a
725274801664
041
_a
eng
080
_a
070
100
_a
40
101
_a
MED
245
_a
THE KENYON REWIEW
_c
CASS.W.H
942
_2
udc
_c
BK
999
_c
26080
_d
26080